effet de diffeerents engrais organiques sur la culture de la margose a la station experimentale de l'universite royale d'agriculture, ឥទ្ធិពលជីធម្មជាតិប្រភេទផ្សឹងៗគ្នាទឿលើដំណាំម្រះក្នុងស្ថានីពិសោធន៍ដំណាំនសាកលវិទ្យាល័យភូមិន្ធកសិកម្ម. (Record no. 1551)
[ view plain ]
| 000 -LEADER | |
|---|---|
| fixed length control field | 00787nam a22001577a 4500 |
| 003 - CONTROL NUMBER IDENTIFIER | |
| control field | OSt |
| 005 - DATE AND TIME OF LATEST TRANSACTION | |
| control field | 20151001092432.0 |
| 008 - FIXED-LENGTH DATA ELEMENTS--GENERAL INFORMATION | |
| fixed length control field | 151001b xxu||||| |||| 00| 0 eng d |
| 040 ## - CATALOGING SOURCE | |
| Transcribing agency | RUA |
| 082 ## - DEWEY DECIMAL CLASSIFICATION NUMBER | |
| Classification number | AGR KOR 2007 B062 Or.1 |
| 100 ## - MAIN ENTRY--PERSONAL NAME | |
| 9 (RLIN) | 1643 |
| Personal name | KORNG, SAVANG. |
| 245 ## - TITLE STATEMENT | |
| Title | effet de diffeerents engrais organiques sur la culture de la margose a la station experimentale de l'universite royale d'agriculture, ឥទ្ធិពលជីធម្មជាតិប្រភេទផ្សឹងៗគ្នាទឿលើដំណាំម្រះក្នុងស្ថានីពិសោធន៍ដំណាំនសាកលវិទ្យាល័យភូមិន្ធកសិកម្ម. |
| 260 ## - PUBLICATION, DISTRIBUTION, ETC. (IMPRINT) | |
| Place of publication, distribution, etc. | phnom phen |
| Name of publisher, distributor, etc. | RUA |
| Date of publication, distribution, etc. | 2007 |
| 300 ## - PHYSICAL DESCRIPTION | |
| Extent | 47p. |
| Other physical details | ill. |
| Dimensions | 29cm. |
| 942 ## - ADDED ENTRY ELEMENTS (KOHA) | |
| Source of classification or shelving scheme | |
| Koha item type | AGR |
| Price effective from | Date last seen | Permanent Location | Not for loan | Date acquired | Source of classification or shelving scheme | Koha item type | Lost status | Withdrawn status | Date last checked out | Total Checkouts | Shelving location | Damaged status | Barcode | Current Location | Full call number |
|---|---|---|---|---|---|---|---|---|---|---|---|---|---|---|---|
| 2015-10-01 | 2025-09-10 | Library Block B | 2015-10-01 | AGR | 2025-08-19 | 1 | B062 | RUA004053 | Library Block A | AGR KOR 2007 B062 Or.6 | |||||
| 2015-10-01 | 2015-10-01 | Library Block B | 2015-10-01 | AGR | B062 | RUA017520 | Library Block B | AGR KOR 2007 B062 Or.1 | |||||||
| 2015-10-01 | 2020-08-07 | Library Block B | 2015-10-01 | AGR | 2020-07-13 | 1 | B062 | RUA017874 | Library Block B | AGR KOR 2007 B062 Or.2 | |||||
| 2015-10-01 | 2015-10-01 | Library Block B | 2015-10-01 | AGR | B062 | RUA017810 | Library Block B | AGR KOR 2007 B062 Or.3 | |||||||
| 2015-10-01 | 2024-06-25 | Library Block B | 2015-10-01 | AGR | 2024-05-17 | 1 | B062 | RUA017954 | Library Block B | AGR KOR 2007 B062 Or.4 | |||||
| 2015-10-01 | 2015-10-01 | Library Block B | 2015-10-01 | AGR | B062 | RUA004051 | Library Block B | AGR KOR 2007 B062 Or.5 | |||||||
| 2015-10-01 | 2015-10-01 | Library Block B | 2015-10-01 | AGR | B062 | RUA004052 | Library Block B | AGR KOR 2007 B062 Or.7 | |||||||
| 2015-10-04 | 2025-08-16 | Library Block B | 2015-10-04 | AGR | 2025-08-15 | 2 | RUA006322 | Library Block B | AGR KOR 2007 B062 Or.8 |